Normal view
MARC view
- Maier, Norman R.F
Entry Personal Name
001 - CONTROL NUMBER
- control field: 5933
003 - CONTROL NUMBER IDENTIFIER
- control field: OSt
005 - DATE AND TIME OF LATEST TRANSACTION
- control field: 20240213145948.0
008 - FIXED-LENGTH DATA ELEMENTS
- fixed length control field: 240213|| aca||aabn | a|a d
040 ## - CATALOGING SOURCE
- Original cataloging agency: OSt
- Transcribing agency: OSt
100 ## - HEADING--PERSONAL NAME
- Personal name: Maier, Norman R.F
670 ## - SOURCE DATA FOUND
- Source citation: Work cat.: (OSt)26: Maier, Norman R.F ., Principles of human relations , 1959.
